No Doubt - Don't Speak Lyrics - Statistics

General Stats
  • This quiz has been taken 526 times
    519 since last reset
  • The average score is 229 of 284
Answer Stats
Lyrics % Correct
don't
99%
Dont
99%
Don't
99%
I
99%
speak
99%
Speak
99%
You
98%
you
98%
me
96%
know
95%
It
94%
it
94%
and
93%
And
93%
be
93%
to
93%
what
93%
your
93%
We
92%
we
92%
hurts
89%
tell
89%
you're
89%
your'e
89%
cause
88%
together
88%
us
88%
go
84%
the
84%
used
84%
thinking
83%
my
82%
always
80%
real
80%
That
80%
can
79%
Every
79%
I'm
79%
need
79%
want
79%
friend
78%
end
77%
best
76%
day
76%
it's
76%
It's
76%
no
76%
No
76%
saying
76%
So
76%
stop
76%
explaining
75%
feel
75%
This
75%
could
74%
reasons
74%
losing
73%
please
73%
can't
72%
if
72%
just
72%
really
72%
are
67%
as
66%
As
66%
believe
66%
in
65%
all
59%
letting
59%
see
59%
oh
55%
cry
54%
though
54%
looks
53%
They
52%
But
51%
good
50%
memories
49%
head
48%
who
48%
Hush
47%
hush
47%
Our
46%
darling
45%
hands
45%
Well
45%
pretending
44%
dying
43%
La
43%
la
43%
With
42%
some
39%
gotta
38%
sit
37%
ending
35%
both
34%
die
33%
frightening
33%
inviting
31%
altogether
29%
Mighty
28%
ooh
16%
No matching quizzes found
Score Distribution
Percent of People with Each Score
Percentile by Number Answered
Your Score History
You have not taken this quiz since the last reset